00378nam a2200157 a 4500008004100000020001500041050001600056100003300072245002400105250001200129260002800141300001800169350000900187650001100196650001300207060316s1985 ||||||||||||||||| || u a0582305292 aTH 7703 Pri aPritchard, David Christopher10aLighting. (3rd ed.) a3rd ed. aLondon :bLongmanc1985 a153 p. : ill. a0.00 aENERGY aLIGHTING